|
|
|
|
| LEADER |
00000ny a22000003n 4500 |
| 005 |
20110601150848.0 |
| 007 |
c||||| |||| |
| 008 |
080728s2008 sp s 000 0 spa c |
| 020 |
|
|
|a 8493630209
|
| 035 |
|
|
|a 4645
|
| 040 |
|
|
|a UMA.RE
|d vLex
|
| 080 |
|
|
|a 351.713(460)(0.034)
|
| 090 |
|
|
|c 2866
|d 2866
|
| 245 |
0 |
3 |
|a El cierre fiscal-contable del 2008
|h [Recurso electrn̤ico]
|c Carlos Marn̕ Lama ... [et al.]
|
| 256 |
|
|
|a Servicio en ln̕ea
|
| 260 |
|
|
|a [Barcelona] :
|b Planificacin̤ Jurd̕ica,
|c 2007
|
| 300 |
|
|
|a 1 recurso electrn̤ico
|
| 506 |
1 |
|
|a Contenido solo disponible en los productos indicados
|d vLex Global
|d vLex Global (Academic Edition, excluding Law Schools)
|d vLex Global (U.S. Academic Edition, Law Schools)
|d vLex Global (U.S. Academic Edition, excluding Law Schools)
|d vLex Global (Academic Edition, Law Schools)
|
| 650 |
0 |
7 |
|a Tributario
|2 Tesauro vLex
|
| 650 |
0 |
7 |
|a Derecho fiscal
|2 Tesauro vLex
|
| 650 |
0 |
7 |
|a Derecho tributario
|2 Tesauro vLex
|
| 700 |
1 |
|
|a Marn̕ Lama, Carlos
|
| 740 |
0 |
|
|a vLex Libros (Servicios en ln̕ea)
|
| 856 |
4 |
0 |
|u http://vlex.com/source/4645
|z Acceso restringido
|
| 942 |
|
|
|c BOOK
|
| 999 |
0 |
|
|a Taxation
|b Law and legislation
|